000 00721nam a22002657a 4500
001 0074
003 DO-SdBNP
005 20180222092320.0
007 0074
008 151112b 1992 sp a | |||| 00| 0 spa d
020 _a8434837064
040 _aBPMSU
_bspa
_cBPMSU
092 _axxxxxxxx
_bxxxxxxxx
100 1 0 _aTeixidor, Emili
245 1 3 _aEl crimen de la hipotenusa /
_cEmili Teixidor ; ilustración Sergio García
260 _aMadrid :
_bS. M.,
_c1992.
300 _a127 p. :
_bil.,
_c17 cm.
490 1 0 _aCatamarán
_v35
521 _aA partir de 12 años.
700 1 0 _aGarcía, Sergio,
_eil.
830 0 0 _aCatamarán
_n35
942 _2ddc
_cBK
945 _aInventariado, 2018/ YL
956 _aBrenda Tavárez
999 _c8689
_d8689